01707 2200433 4500001002100000005001500021035002000036007000300056008004100059020002200100082001500122084001700137100003500154245029600189250003400485300005100519650002300570700004300593700003600636700003300672700004500705700004200750700003200792700004900824700004300873700003000916700003100946264002900977336002101006337003001027338002301057040002201080090002201102850001201124999002201136500007301158990002201231990002001253INLIS00000000087883920230529112835 a0010-0523000716ta230529s2021 yoia g ind d a978-623-316-901-104223a379.19 a379.19 ANT p0 aAntonius Tri WibowoePengarang10aPengabdian masyarakat menuju new normal di masa pandemi /cAntonius Tri Wibowo, Anggit Widhy Pratama, Shinta Monika, Imam Al Mujahidin, Abdul Aziz Andriansyah, Ahmad Imam Muzakkin, Danik Margiyanti, Angelina Fransiana Nggando, Indina Editya Adisti, Muhammad Rizal; penyunting, Luky Kurniawan aCetakan pertama: Agustus 2021 avi, 93 halaman :bgambar, tabel, foto ;c20 cm 4aKuliah Kerja Nyata0 aAnggit Widhy Pratamad1999-ePengarang0 aShinta Monikad1999-ePengarang0 aImam Al MujahidinePengarang0 aAbdul Aziz Andriansyahd1999-ePengarang0 aAhmad Imam Muzakkind1999-ePengarang0 aDanik MargiyantiePengarang0 aAngelina Fransiana Nggandod1998-ePengarang0 aIndina Editya Adistid1998-ePengarang0 aMuhammad RizalePengarang0 aLuky KurniawanePenyunting31aBantul :bK-Media,c2021 2rdacontentateks 2rdamediaatanpa perantara 2rdacarrieravolume aYOPDYOGbindcrda aCB-D.11 2021-4081 aYOPDYOG aCB-D.11/2021-4081 aditerbitkan atas kerjasama dengan Universitas Mercu Buana Yogyakarta aCB-D.11/2021-4081 a74084-PD/A.2026